Gas tables : (Record no. 42722)

MARC details
000 -LEADER
fixed length control field 00733nam a22002057a 4500
005 - DATE AND TIME OF LATEST TRANSACTION
control field 20100820144410.0
010 ## - LCCN (DPL NO)
LC control number ENG-101065
020 ## - INTERNATIONAL STANDARD BOOK NUMBER
International Standard Book Number 9788120340084
Terms of availability 75.00
035 ## - SYSTEM CONTROL NUMBER
System control number EN-84598
037 ## - SOURCE OF ACQUISITION
Source of stock number/acquisition DBAD/PUB
082 ## - DEWEY DECIMAL CLASSIFICATION NUMBER
Classification number 533.28
100 ## - MAIN ENTRY--PERSONAL NAME
Personal name Balachandran, P.
245 ## - TITLE STATEMENT
Title Gas tables :
Remainder of title for steady one-dimensional flow of perfect gas /
Statement of responsibility, etc by P. Balachandran
260 ## - PUBLICATION, DISTRIBUTION, ETC. (IMPRINT)
Place of publication, distribution, etc New Delhi
Name of publisher, distributor, etc PHI Learning
Date of publication, distribution, etc 2010
270 ## - ADDRESS
Address M-97, Connaught Circus
City New Delhi
Postal code 110001
300 ## - PHYSICAL DESCRIPTION
Extent ix,50p.
Dimensions 24cm (pbk)
650 ## - SUBJECT ADDED ENTRY--TOPICAL TERM
Topical term or geographic name as entry element Gas flow
942 ## - ADDED ENTRY ELEMENTS (KOHA)
Source of classification or shelving scheme Dewey Decimal Classification
Item type English Books
Classification part 533.28
Call number suffix BAL
Holdings
Withdrawn status Lost status Not for loan Collection code Home library Current library Date acquired Source of acquisition Cost, normal purchase price Full call number Barcode Copy number Cost, replacement price Koha item type
    Not For Loan Non-fiction D.B.Act.Division D.B.Act.Division 20/08/2010 DBAD/PUB 75.00 533.28 BAL EN-84598 1 75.00 English Books

© Delhi Public Library
Hit Counter
free hit counter